[Event "African Individual Championship"]
[Site "?"]
[Date "2005.11.05"]
[Round "1"]
[White "Solomon, KT (RSA)."]
[Black "Andrade, I (MOZ)."]
[Result "1/2-1/2"]
[WhiteElo "2352"]
[BlackElo "2111"]
[PlyCount "105"]
[EventDate "2005.11.04"]
[SourceDate "2005.11.05"]

1. d4 Nf6 2. c4 g6 3. g3 Bg7 4. Bg2 O-O 5. Nc3 d6 6. Nf3 c6 7. O-O Bf5 8. Nh4
Bg4 9. h3 Be6 10. d5 cxd5 11. cxd5 Bd7 12. Be3 Na6 13. Qd2 Nc5 14. Bh6 a5 15.
Bxg7 Kxg7 16. Kh2 b5 17. f4 Qb6 18. Qd4 Na4 19. Nf3 Qxd4 20. Nxd4 Nxc3 21. bxc3
Rfc8 22. Rfc1 Rc5 23. Nb3 Rc7 24. e4 Rac8 25. e5 Ne8 26. Nxa5 Rxc3 27. Nc6 Rxc1
28. Rxc1 e6 29. dxe6 Bxe6 30. Rc2 dxe5 31. fxe5 Bd7 32. g4 g5 33. Nb4 Rxc2 34.
Nxc2 Nc7 35. Nd4 Be6 36. a3 Bc4 37. Bc6 f6 38. Nf5+ Kg6 39. Nd6 Bd3 40. e6 Nxe6
41. Be8+ Kg7 42. Bxb5 Bxb5 43. Nxb5 f5 44. gxf5 Nc5 45. Kg3 h5 46. Kf3 Kf6 47.
Nd4 Ke5 48. Ne2 Kxf5 49. Ng3+ Kg6 50. Ke3 Na4 51. Kd4 h4 52. Ne4 Kf5 53. Ke3
1/2-1/2

[Event "African Individual Championship"]
[Site "?"]
[Date "2005.11.05"]
[Round "1"]
[White "Mbambara, T (ZAM)."]
[Black "Elgarby, M (EGY)."]
[Result "0-1"]
[WhiteElo "2090"]
[BlackElo "2333"]
[PlyCount "124"]
[EventDate "2005.11.04"]
[SourceDate "2005.11.05"]

1. d4 Nf6 2. c4 e6 3. Nc3 c5 4. Nf3 a6 5. e4 cxd4 6. Nxd4 Qc7 7. Nc2 Be7 8. Be2
b6 9. O-O Bb7 10. Qd3 d6 11. f4 Nbd7 12. Bf3 Rc8 13. Ne3 Qb8 14. b3 Qa8 15. Ba3
d5 16. Bxe7 dxe4 17. Nxe4 Bxe4 18. Bxe4 Qxe4 19. Qxe4 Nxe4 20. Ba3 f5 21. Rad1
Ndf6 22. Rd3 h6 23. Bb2 Kf7 24. Rfd1 g5 25. Be5 Rhg8 26. Nf1 b5 27. Ne3 gxf4
28. Bxf4 Ng4 29. cxb5 axb5 30. Nxg4 Rxg4 31. Be5 Rc5 32. Rd7+ Kg6 33. h3 Rxg2+
34. Kxg2 Rxe5 35. Rc1 Nf6 36. Rd2 Nd5 37. Rc8 Re3 38. Rb8 Nc3 39. Rg8+ Kf6 40.
Rf8+ Kg5 41. Rg8+ Kf4 42. Rf2+ Ke4 43. Rg6 e5 44. Rxh6 f4 45. Rc6 Nd1 46. Rd2
Rg3+ 47. Kh2 Ne3 48. Rc1 Rg6 49. a4 bxa4 50. bxa4 f3 51. Ra2 Kf4 52. a5 Ra6 53.
Rc8 Nf5 54. Rc4+ e4 55. Rb4 Ne3 56. Rb6 Ra8 57. a6 Nd5 58. Rb3 e3 59. Ra4+ Ke5
60. Kg1 Rg8+ 61. Rg4 Rc8 62. Rg5+ Kf4 0-1

[Event "African Individual Championship"]
[Site "?"]
[Date "2005.11.05"]
[Round "1"]
[White "Jere, D (ZAM)."]
[Black "Rizouk, A (ALG)."]
[Result "1/2-1/2"]
[WhiteElo "2195"]
[BlackElo "2499"]
[PlyCount "108"]
[EventDate "2005.11.04"]
[SourceDate "2005.11.05"]

1. c4 e5 2. Nc3 Nc6 3. g3 g6 4. Bg2 Bg7 5. Nf3 f5 6. d3 d6 7. O-O Nf6 8. Rb1
O-O 9. b4 h6 10. b5 Ne7 11. Qb3 Be6 12. Nd2 Rb8 13. Qa4 Nc8 14. Nb3 Kh7 15. Na5
Nb6 16. Qc2 Qc8 17. Ba3 f4 18. c5 dxc5 19. Bxc5 Rf7 20. Ne4 Nfd5 21. Qd2 Bh3
22. Nc4 Bxg2 23. Kxg2 Qe6 24. Qc2 Rd8 25. Ncd2 Qf5 26. Nf3 Nd7 27. Qc4 Nxc5 28.
Qxc5 b6 29. Qc4 g5 30. Rbc1 Kh8 31. Kh1 fxg3 32. hxg3 Qg4 33. Nxe5 Qh5+ 34. Kg2
Nf4+ 35. gxf4 Rxf4 36. Nf3 Qg4+ 37. Kh1 Qh5+ 38. Kg2 Qg4+ 39. Kh1 Qh3+ 40. Kg1
Rg4+ 41. Ng3 Rxc4 42. Rxc4 Bf6 43. Rfc1 h5 44. Rc6 Rf8 45. R1c4 Rf7 46. Rxc7
Rxc7 47. Rxc7 h4 48. Ne4 Qg4+ 49. Kh1 Bg7 50. Rxa7 Qh3+ 51. Kg1 Qg4+ 52. Kh1
Qh3+ 53. Kg1 Qg4+ 54. Kh1 Qh3+ 1/2-1/2

[Event "African Individual Championship"]
[Site "?"]
[Date "2005.11.05"]
[Round "1"]
[White "Kobese, AKW (RSA)."]
[Black "van den Heever, DO (RSA)."]
[Result "0-1"]
[WhiteElo "2403"]
[BlackElo "2132"]
[PlyCount "100"]
[EventDate "2005.11.04"]
[SourceDate "2005.11.05"]

1. e4 c5 2. Nf3 d6 3. d4 cxd4 4. Nxd4 Nf6 5. Nc3 Nc6 6. Be2 e5 7. Nf3 h6 8. O-O
Be7 9. h3 O-O 10. b3 Be6 11. Bb2 Rc8 12. Re1 a6 13. Bf1 Nb8 14. Nd2 Nbd7 15. a4
Qc7 16. Nc4 Qc6 17. Ne3 Bd8 18. Nc4 Bc7 19. g3 Rfe8 20. Na2 Nc5 21. Nd2 Nfxe4
22. Nxe4 Nxe4 23. Bg2 f5 24. Nb4 Qc5 25. Bxe4 fxe4 26. Rxe4 a5 27. Nd3 Qc6 28.
Qe2 Bd5 29. Re3 Bb6 30. c4 Bg2 31. Kh2 Bxe3 32. Qxe3 Be4 33. Rd1 Rf8 34. Ne1
Rf6 35. Rd2 Rcf8 36. Kg1 Rf5 37. Ba3 R8f6 38. Re2 Bf3 39. Rd2 Rh5 40. h4 Rhf5
41. c5 dxc5 42. Bxc5 e4 43. Be7 Rf7 44. Ba3 Qg6 45. Bd6 Qg4 46. Kh2 Rh5 47.
Nxf3 Rxf3 48. Qb6 Rxh4+ 49. Kg1 e3 50. fxe3 Qh3 0-1

[Event "African Individual Championship"]
[Site "?"]
[Date "2005.11.05"]
[Round "1"]
[White "El Gindy, E (EGY)."]
[Black "Ndlovu, I (BOT)."]
[Result "1/2-1/2"]
[WhiteElo "2524"]
[BlackElo "2201"]
[PlyCount "132"]
[EventDate "2005.11.04"]
[SourceDate "2005.11.05"]

1. d4 d5 2. c4 dxc4 3. e3 e6 4. Bxc4 Nf6 5. Nf3 c5 6. Nc3 a6 7. a4 Nc6 8. O-O
Be7 9. Qe2 cxd4 10. Rd1 O-O 11. exd4 Nd5 12. Bd3 Ncb4 13. Bb1 Bd7 14. Ne5 Rc8
15. Bd2 Qe8 16. Qe4 f5 17. Qe2 Bf6 18. Re1 Bxe5 19. Qxe5 Rf6 20. a5 Rg6 21.
Nxd5 Nxd5 22. Ra3 Qf7 23. Rg3 Re8 24. Bd3 Bc6 25. Rxg6 Qxg6 26. f3 Qf6 27. Rc1
Qxe5 28. dxe5 Ra8 29. Bc4 Kf7 30. Bxd5 exd5 31. Be3 Ke6 32. f4 Rg8 33. h4 h5
34. Rc3 Re8 35. Bd4 g6 36. Rg3 Kf7 37. Kf2 Rg8 38. Ke3 Ke6 39. Bc5 Rg7 40. Kd4
Rg8 41. Bd6 Rg7 42. Rg5 Rg8 43. Bb4 Rg7 44. Bc3 Rg8 45. Rg3 Rg7 46. Be1 Rg8 47.
Bb4 Rg7 48. Bf8 Rg8 49. Bh6 Kf7 50. Bg5 Re8 51. b3 Rg8 52. Bf6 Re8 53. Rg5 Rg8
54. Kc5 Ke6 55. Rg3 Bb5 56. Kd4 Bc6 57. Bg5 Bb5 58. Rc3 Bc6 59. Kc5 Rg7 60. Rd3
Bb5 61. Rd4 Rc7+ 62. Kb6 Rc3 63. Kxb7 Rxb3 64. Bd8 Bc4+ 65. Kc6 Rd3 66. Bb6
Rxd4 1/2-1/2

[Event "African Individual Championship"]
[Site "?"]
[Date "2005.11.06"]
[Round "1"]
[White "Alberto, M (ANG)."]
[Black "Ismail, H (EGY)."]
[Result "0-1"]
[WhiteElo "2123"]
[BlackElo "2356"]
[PlyCount "112"]
[EventDate "2005.11.04"]
[SourceDate "2005.11.05"]

1. e4 c6 2. d4 d5 3. e5 Bf5 4. Nc3 e6 5. g4 Bg6 6. h4 h5 7. g5 c5 8. Nge2 Nc6
9. Be3 cxd4 10. Nxd4 Bb4 11. Qd2 Qa5 12. Bb5 Nge7 13. Nb3 Qc7 14. a3 Bxc3 15.
Qxc3 Be4 16. Rh3 Bf5 17. Rh1 Be4 18. Rh3 a6 19. Bxc6+ Qxc6 20. Bc5 Rc8 21. Bxe7
Qxc3+ 22. Rxc3 Rxc3 23. bxc3 Kxe7 24. Kd2 Rc8 25. a4 f6 26. f4 fxe5 27. fxe5 d4
28. Nxd4 Rc5 29. Re1 Rxe5 30. c4 Kd6 31. Kc3 Bg2 32. Rd1 Kc7 33. Rd2 Re3+ 34.
Kb4 Bc6 35. a5 Re4 36. Kc5 Bd7 37. Re2 Rxh4 38. Nxe6+ Kc8 39. Nxg7 Rg4 40. Re5
h4 41. Nf5 h3 42. g6 h2 43. Ne7+ Kd8 44. Rh5 Kxe7 45. Rxh2 Rxg6 46. Rd2 Kd8 47.
Rd4 Kc7 48. Rh4 Rg5+ 49. Kb4 Rg4 50. Rh7 Kd6 51. c3 Rf4 52. Rh1 Be6 53. Rd1+
Ke5 54. Re1+ Kf6 55. Kc5 Rxc4+ 56. Kb6 Bd5 0-1

[Event "African Individual Championship"]
[Site "?"]
[Date "2005.11.06"]
[Round "1"]
[White "Belkhomda, S (TUN)."]
[Black "Bouah, LJ (RSA)."]
[Result "1-0"]
[WhiteElo "2490"]
[BlackElo "2187"]
[PlyCount "85"]
[EventDate "2005.11.04"]
[SourceDate "2005.11.05"]

1. e4 c6 2. d4 d5 3. exd5 cxd5 4. c4 Nf6 5. Nc3 e6 6. Nf3 Be7 7. cxd5 Nxd5 8.
Bd3 Nc6 9. O-O O-O 10. Re1 Nxc3 11. bxc3 b6 12. h4 Bf6 13. Ng5 g6 14. Qf3 Bb7
15. Qg3 Rc8 16. h5 Ne7 17. hxg6 Nxg6 18. Bd2 Bd5 19. Qg4 Qd7 20. Re3 Bxg5 21.
Qxg5 f5 22. Rg3 Rf7 23. Qh5 Bc4 24. Bxc4 Rxc4 25. Re1 Ra4 26. Bh6 Rf6 27. Bg5
Rf7 28. Bf4 Rg7 29. Be5 Nxe5 30. Rxg7+ Kxg7 31. Rxe5 Rxa2 32. Re3 Qf7 33. Rg3+
Kf8 34. Qh6+ Ke8 35. Rg7 a5 36. Rxf7 Kxf7 37. Qxh7+ Ke8 38. d5 Ra1+ 39. Kh2
exd5 40. Qxf5 a4 41. c4 Ra2 42. cxd5 a3 43. d6 1-0

[Event "African Individual Championship"]
[Site "?"]
[Date "2005.11.06"]
[Round "1"]
[White "Adly, A (EGY)."]
[Black "Meyer, M (RSA)."]
[Result "1-0"]
[WhiteElo "2480"]
[BlackElo "2162"]
[PlyCount "77"]
[EventDate "2005.11.04"]
[SourceDate "2005.11.05"]

1. d4 g6 2. h4 Bg7 3. h5 gxh5 4. Rxh5 Nf6 5. Rh4 d5 6. Nc3 Bf5 7. Bg5 h6 8. Bf4
a6 9. Qd2 h5 10. Nf3 Nc6 11. Ne5 Nxe5 12. Bxe5 Qd7 13. f3 O-O-O 14. a4 Rh7 15.
e3 Rg8 16. Nb5 Ne8 17. Bf4 Bf6 18. Rh2 h4 19. Qa5 Bg5 20. Bxg5 Rxg5 21. Ra3 Rg6
22. c4 c6 23. cxd5 cxd5 24. g4 hxg3 25. Rxh7 g2 26. Bxg2 Rxg2 27. Rh8 Rc2 28.
Rc3+ Rxc3 29. Qxc3+ Kb8 30. Nc7 Qxc7 31. Rxe8+ Bc8 32. Qxc7+ Kxc7 33. Rxe7+ Kd6
34. Rxf7 Bd7 35. Rxd7+ Kxd7 36. e4 dxe4 37. fxe4 b5 38. axb5 axb5 39. Kd2 1-0

[Event "African Individual Championship"]
[Site "?"]
[Date "2005.11.06"]
[Round "1"]
[White "Masango, S (ZIM)."]
[Black "Simutowe, A (ZAM)."]
[Result "0-1"]
[WhiteElo "2140"]
[BlackElo "2458"]
[PlyCount "40"]
[EventDate "2005.11.04"]
[SourceDate "2005.11.05"]

1. d4 Nf6 2. c4 e6 3. Nf3 Bb4+ 4. Bd2 Qe7 5. a3 Bxd2+ 6. Nbxd2 d6 7. e3 O-O 8.
Bd3 e5 9. Qc2 Re8 10. Bf5 Nbd7 11. O-O e4 12. Ng5 g6 13. Bxd7 Bxd7 14. f3 exf3
15. Rxf3 Bg4 16. Raf1 Bxf3 17. Rxf3 Ng4 18. Nxf7 Rf8 19. h3 Nxe3 20. Qb3 Nf5
0-1

[Event "African Individual Championship"]
[Site "?"]
[Date "2005.11.06"]
[Round "2"]
[White "Chumfwa, S (ZAM)."]
[Black "Belkhodja, S (TUN)."]
[Result "1/2-1/2"]
[WhiteElo "2303"]
[BlackElo "2490"]
[PlyCount "107"]
[EventDate "2005.11.04"]
[SourceDate "2005.11.05"]

1. Nf3 d6 2. g3 Nf6 3. Bg2 g6 4. c4 Bg7 5. Nc3 O-O 6. d3 e5 7. O-O Re8 8. Bg5
h6 9. Bxf6 Qxf6 10. Rb1 a5 11. a3 Qd8 12. b4 axb4 13. axb4 Nc6 14. b5 Nd4 15.
Nxd4 exd4 16. Nd5 Ra2 17. Bf3 Bh3 18. Re1 h5 19. Qb3 Ra5 20. Ra1 Rxa1 21. Rxa1
Be5 22. Ra7 h4 23. Bg2 hxg3 24. hxg3 Qg5 25. Bxh3 Bxg3 26. Qd1 Bh4+ 27. Bg2 c6
28. bxc6 bxc6 29. Nb4 Qf4 30. Bf3 Re5 31. Qf1 Rg5+ 32. Kh1 Bxf2 33. Qxf2 Qc1+
34. Kh2 Qf4+ 35. Kh1 Rg3 36. Qxg3 Qxg3 37. Nxc6 g5 38. Ne7+ Kf8 39. Be4 Qe1+
40. Kg2 Qxe2+ 41. Kg3 Qe3+ 42. Kg2 Qd2+ 43. Kg3 Qe1+ 44. Kg2 Qd2+ 45. Kg3 Qf4+
46. Kg2 Qg4+ 47. Kf2 Qh4+ 48. Kg2 Qg4+ 49. Kf2 Qf4+ 50. Ke2 Qe3+ 51. Kd1 Qg1+
52. Kc2 Qf2+ 53. Kb3 Qe1 54. Bg2 1/2-1/2

[Event "African Individual Championship"]
[Site "?"]
[Date "2005.11.06"]
[Round "2"]
[White "van den Heever, D (RSA)."]
[Black "Frhat, A (EGY)."]
[Result "0-1"]
[WhiteElo "2132"]
[BlackElo "2306"]
[PlyCount "100"]
[EventDate "2005.11.04"]
[SourceDate "2005.11.05"]

1. e4 c5 2. Nf3 Nc6 3. d4 cxd4 4. Nxd4 Nf6 5. Nc3 d6 6. Be2 e6 7. Be3 Be7 8.
O-O O-O 9. f4 a6 10. Qe1 Nxd4 11. Bxd4 b5 12. a3 Bb7 13. Qg3 Qc7 14. Kh1 g6 15.
Bf3 d5 16. exd5 exd5 17. Rfe1 Rfe8 18. f5 Qxg3 19. hxg3 Ne4 20. Nxe4 dxe4 21.
Bxe4 Bxe4 22. Rxe4 Bd6 23. Rae1 Rxe4 24. Rxe4 gxf5 25. Re3 h6 26. Kg1 Rd8 27.
Rd3 Re8 28. Kf2 Re6 29. Kf3 Kh7 30. Bf2 Kg6 31. Rd5 f6 32. c3 Be5 33. a4 bxa4
34. Ra5 Rd6 35. Ke2 f4 36. gxf4 Bxf4 37. Rxa4 Rd2+ 38. Kf3 Be5 39. Rb4 a5 40.
Rb5 a4 41. Bc5 h5 42. Ba3 h4 43. Rb4 Bg3 44. Rg4+ Kf5 45. Bc5 a3 46. bxa3 Rd3+
47. Ke2 Rxc3 48. Bd4 Rc2+ 49. Kf3 Rc4 50. Re4 Ra4 0-1

[Event "African Individual Championship"]
[Site "?"]
[Date "2005.11.06"]
[Round "2"]
[White "Simutowe, A (ZAM)."]
[Black "Pedro, J (ANG)."]
[Result "1-0"]
[WhiteElo "2458"]
[BlackElo "2287"]
[PlyCount "81"]
[EventDate "2005.11.04"]
[SourceDate "2005.11.05"]

1. Nf3 Nf6 2. c4 e6 3. Nc3 d5 4. d4 c6 5. e3 Nbd7 6. Qc2 Bd6 7. cxd5 exd5 8.
Bd3 O-O 9. g4 g6 10. h3 Qe7 11. b3 Re8 12. Bb2 b5 13. g5 Nh5 14. a4 b4 15. Ne2
Bb7 16. a5 a6 17. Qd2 f6 18. Rg1 Rf8 19. Qc2 f5 20. Kf1 Rae8 21. Bc1 f4 22.
exf4 Nxf4 23. Bxf4 Bxf4 24. Nxf4 Rxf4 25. Re1 Qf7 26. Rxe8+ Qxe8 27. Rg3 Qf8
28. Kg2 c5 29. Qe2 Qd6 30. Rg4 Rxg4+ 31. hxg4 cxd4 32. Qe8+ Nf8 33. Ne5 Qe6 34.
Qb8 Qe7 35. f4 Kg7 36. Nf3 Qd7 37. f5 Qc8 38. Qd6 Kg8 39. Qxb4 Qc7 40. Nxd4
gxf5 41. Qxf8+ 1-0

[Event "African Individual Championship"]
[Site "?"]
[Date "2005.11.06"]
[Round "2"]
[White "Rizouk, A (ALG)."]
[Black "Cawdery, DJ (RSA)."]
[Result "1-0"]
[WhiteElo "2499"]
[BlackElo "2182"]
[PlyCount "49"]
[EventDate "2005.11.04"]
[SourceDate "2005.11.05"]

1. e4 c5 2. Nf3 d6 3. d4 cxd4 4. Nxd4 Nf6 5. Nc3 g6 6. Be3 Bg7 7. f3 O-O 8. Qd2
Nc6 9. Bc4 Nd7 10. h4 Nb6 11. Bb3 Na5 12. Qd3 Bd7 13. h5 Nxb3 14. axb3 a5 15.
hxg6 fxg6 16. Bh6 Rf7 17. Bxg7 Rxg7 18. Qe3 Qc7 19. O-O Qc5 20. f4 g5 21. f5 a4
22. Nxa4 Nxa4 23. bxa4 Rxa4 24. Rxa4 Bxa4 25. Ra1 1-0

[Event "African Individual Championship"]
[Site "?"]
[Date "2005.11.06"]
[Round "2"]
[White "Lungu, N (ZAM)."]
[Black "Adly, A."]
[Result "1/2-1/2"]
[WhiteElo "2265"]
[BlackElo "2480"]
[PlyCount "125"]
[EventDate "2005.11.04"]
[SourceDate "2005.11.05"]

1. d4 d5 2. c4 e6 3. Nc3 Nf6 4. Nf3 c6 5. e3 Nbd7 6. Be2 dxc4 7. Bxc4 b5 8. Bd3
a6 9. O-O c5 10. a4 b4 11. Ne4 Bb7 12. Ng3 Be7 13. Qe2 Qb6 14. Rd1 Rc8 15. a5
Qa7 16. e4 cxd4 17. e5 Nd5 18. Ne4 h6 19. Nd6+ Bxd6 20. exd6 Rc6 21. Bc4 Rxd6
22. Nxd4 O-O 23. Bxd5 Rxd5 24. Be3 Qa8 25. f3 Ne5 26. Bf2 Rfd8 27. Nb3 Nd3 28.
Bb6 R8d7 29. Nc5 Nf4 30. Qf1 Rxd1 31. Rxd1 Rxd1 32. Qxd1 Nd5 33. Qd4 Qc8 34. h3
Qc6 35. Nd3 Qb5 36. Nf4 Nxf4 37. Qxf4 Bd5 38. Qd4 f6 39. Qc5 Qxc5+ 40. Bxc5 b3
41. Kf2 Kf7 42. h4 Kg6 43. Bf8 Kf7 44. Bb4 g5 45. hxg5 fxg5 46. g4 Kf6 47. Bf8
Ke5 48. Ke3 Kf6 49. Bxh6 e5 50. Bf8 Bc6 51. Bd6 Bd5 52. Bc7 Bc6 53. Bd8+ Kg6
54. Be7 Bd5 55. Bb4 Kf6 56. Be1 Bc6 57. Bb4 Bd5 58. Bd6 Bc6 59. Bc5 Bd5 60. Bd6
Bc6 61. Bc5 Bd5 62. Bd6 Bc6 63. Bc5 1/2-1/2

[Event "African Individual Championship"]
[Site "?"]
[Date "2005.11.06"]
[Round "2"]
[White "Alberto, M (ANG)."]
[Black "Mandizha, F (ZIM)."]
[Result "0-1"]
[WhiteElo "2123"]
[BlackElo "2242"]
[PlyCount "172"]
[EventDate "2005.11.04"]
[SourceDate "2005.11.05"]

1. e4 e6 2. d4 d5 3. Nc3 Bb4 4. a3 Bxc3+ 5. bxc3 Ne7 6. e5 c5 7. Qg4 O-O 8.
dxc5 Nbc6 9. f4 Qa5 10. Bd2 f6 11. Nf3 fxe5 12. fxe5 Qxc5 13. Bd3 Nf5 14. Qh3
d4 15. g4 dxc3 16. Bf4 Nh6 17. Bxh6 gxh6 18. Qxh6 Rxf3 19. Bxh7+ Kf7 20. Bg6+
Ke7 21. Qg7+ Kd8 22. O-O-O+ Nd4 23. Rxd4+ Qxd4 24. Rd1 Rf1 25. Qf6+ Kc7 26.
Qe7+ Bd7 27. Qd6+ Qxd6 28. exd6+ Kc6 29. Be4+ Kc5 30. Rxf1 Rh8 31. g5 Kxd6 32.
g6 Ke5 33. Bxb7 Be8 34. g7 Rg8 35. Rg1 Kf6 36. Be4 Bh5 37. Rg3 Rxg7 38. Rxc3
Rg1+ 39. Kd2 Rd1+ 40. Ke3 Re1+ 41. Kd3 Rd1+ 42. Kc4 e5 43. Kc5 Rd2 44. Rh3 Kg5
45. c4 Kg4 46. Bf5+ Kg5 47. Be4 Kg4 48. Rg3+ Kf4 49. Rg2 Rd8 50. Bd5 e4 51.
Rf2+ Ke5 52. Rg2 Kf4 53. Rf2+ Ke5 54. Rg2 Rc8+ 55. Kb5 Kd4 56. Rg5 Be2 57. Rg7
Rc5+ 58. Kb4 a5+ 59. Kb3 Bd1+ 60. Kb2 e3 61. Re7 Kd3 62. h4 Kd2 63. Bf7 Bg4 64.
h5 e2 65. h6 Bf5 66. Bg8 Rc6 67. h7 Rh6 68. Kb3 e1=Q 69. Rxe1 Kxe1 70. Ka4 Kd2
71. Kxa5 Kc3 72. Kb5 Bg4 73. a4 Bd7+ 74. Ka5 Be8 75. c5 Bd7 76. Bd5 Rxh7 77. c6
Rh5 78. cxd7 Rxd5+ 79. Kb6 Rxd7 80. a5 Kb4 81. a6 Rd6+ 82. Kb7 Kb5 83. a7 Rd7+
84. Kb8 Kb6 85. a8=N+ Kc6 86. Kc8 Rb7 0-1

[Event "African Individual Championship"]
[Site "?"]
[Date "2005.11.06"]
[Round "2"]
[White "Domingos, C (ANG)."]
[Black "Andrade, I (MOZ)."]
[Result "1/2-1/2"]
[WhiteElo "2240"]
[BlackElo "2111"]
[PlyCount "97"]
[EventDate "2005.11.04"]
[SourceDate "2005.11.05"]

1. e4 c5 2. Nf3 d6 3. Bc4 e6 4. Qe2 Nc6 5. c3 a6 6. Bb3 Bd7 7. d3 Nf6 8. O-O
Qb6 9. Nbd2 Qc7 10. Rd1 Be7 11. Nf1 O-O 12. Ng3 Rfe8 13. d4 cxd4 14. Nxd4 Na5
15. Bc2 g6 16. h3 Rac8 17. Bh6 Nc4 18. Bd3 b5 19. Nf3 Kh8 20. Bg5 Ne5 21. Nxe5
dxe5 22. a4 bxa4 23. Bc2 Bb5 24. Qf3 Ng8 25. Bxe7 Qxe7 26. Bxa4 Qb7 27. Bxb5
axb5 28. Qe3 Ra8 29. Qc5 f6 30. Rxa8 Rxa8 31. Qd6 Ra6 32. Qd7 Qxd7 33. Rxd7 Ra2
34. b4 Rc2 35. Rc7 Rc1+ 36. Nf1 f5 37. exf5 exf5 38. Rc5 Nf6 39. f3 e4 40. Kf2
f4 41. Rc8+ Kg7 42. fxe4 Nxe4+ 43. Kf3 Rxc3+ 44. Rxc3 Nxc3 45. Nd2 Kf6 46. Kxf4
Nd5+ 47. Kf3 Kf5 48. Ne4 h6 49. h4 1/2-1/2

[Event "African Individual Championship"]
[Site "?"]
[Date "2005.11.06"]
[Round "2"]
[White "Njobvu, I (BOT)."]
[Black "Solomon, KT (RSA)."]
[Result "1-0"]
[WhiteElo "2201"]
[BlackElo "2352"]
[PlyCount "89"]
[EventDate "2005.11.04"]
[SourceDate "2005.11.05"]

1. d4 Nf6 2. c4 e6 3. Nc3 Bb4 4. Qc2 O-O 5. a3 Bxc3+ 6. Qxc3 b6 7. Bg5 Bb7 8.
e3 h6 9. Bh4 d6 10. f3 Nbd7 11. Be2 Rc8 12. Bg3 Qe7 13. b4 c5 14. dxc5 bxc5 15.
Nh3 d5 16. b5 Nb6 17. O-O Rfd8 18. a4 Ne8 19. a5 Nd7 20. Rfd1 Nef6 21. Rab1 e5
22. cxd5 Nxd5 23. Qb3 Nf8 24. Bc4 Nf6 25. e4 Ng6 26. Bf2 Nh5 27. a6 Ba8 28. b6
axb6 29. Qxb6 Rxd1+ 30. Rxd1 Nhf4 31. Nxf4 Nxf4 32. Qd6 Qg5 33. Bg3 Ng6 34. Qd7
Rf8 35. a7 h5 36. Qf5 Qe3+ 37. Bf2 Qc3 38. Bxf7+ Rxf7 39. Qxg6 Qa5 40. Qxh5
Qxa7 41. Qxe5 Qa4 42. Rd8+ Rf8 43. Rxf8+ Kxf8 44. Bxc5+ Kg8 45. Bd4 1-0

[Event "African Individual Championship"]
[Site "?"]
[Date "2005.11.06"]
[Round "2"]
[White "Bouah, LJ (RSA)."]
[Black "Mbambara, T (ZAM)."]
[Result "1-0"]
[WhiteElo "2187"]
[BlackElo "2090"]
[PlyCount "50"]
[EventDate "2005.11.04"]
[SourceDate "2005.11.05"]

1. d4 d6 2. c4 Nf6 3. Nc3 c6 4. e4 Qa5 5. f3 e5 6. Be3 Be7 7. Qd2 Nbd7 8. Nh3
Nf8 9. Nf2 Ng6 10. Be2 O-O 11. O-O Qc7 12. Rfd1 Bd7 13. Rac1 Rad8 14. Bf1 Bc8
15. d5 c5 16. a3 b6 17. b4 Bd7 18. Nd3 Rb8 19. bxc5 bxc5 20. Nxc5 dxc5 21. d6
Bxd6 22. Qxd6 Qxd6 23. Rxd6 Rfc8 24. Nd5 Be6 25. Ra6 Rb7 {Cell phone} 1-0

[Event "African Individual Championship"]
[Site "?"]
[Date "2005.11.06"]
[Round "2"]
[White "El Taher, F (EGY)."]
[Black "Jere, D (ZAM)."]
[Result "1/2-1/2"]
[WhiteElo "2482"]
[BlackElo "2195"]
[PlyCount "35"]
[EventDate "2005.11.04"]
[SourceDate "2005.11.05"]

1. e4 e6 2. d4 d5 3. Nc3 Nf6 4. e5 Nfd7 5. f4 c5 6. Nf3 Nc6 7. Be3 a6 8. Qd2 b5
9. dxc5 Bxc5 10. O-O-O Qb6 11. Bxc5 Nxc5 12. Bd3 b4 13. Ne2 a5 14. Ned4 Ba6 15.
Bxa6 Qxa6 16. f5 Ne4 17. Qf4 Nxd4 18. Rxd4 1/2-1/2

[Event "African Individual Championship"]
[Site "?"]
[Date "2005.11.07"]
[Round "3"]
[White "Njobvu, I (BOT)."]
[Black "Rizouk, A (ALG)."]
[Result "0-1"]
[WhiteElo "2201"]
[BlackElo "2499"]
[PlyCount "168"]
[EventDate "2005.11.04"]
[SourceDate "2005.11.05"]

1. d4 Nf6 2. c4 e6 3. Nc3 Bb4 4. Qc2 O-O 5. a3 Bxc3+ 6. Qxc3 b6 7. Bg5 Bb7 8.
f3 c5 9. dxc5 bxc5 10. Bxf6 Qxf6 11. Qxf6 gxf6 12. e4 Nc6 13. Rd1 Rfd8 14. Ne2
Rab8 15. Rd2 Ba6 16. Nc1 Na5 17. Rc2 Rdc8 18. Kd2 Rc6 19. Kc3 Rcb6 20. b4 cxb4+
21. axb4 Rxb4 22. Ra2 Nb3 23. Nxb3 Rxb3+ 24. Kc2 Bc8 25. Be2 R3b6 26. Rha1 a6
27. Bd3 Kf8 28. Kc3 Ke7 29. Ra3 Bb7 30. c5 Rc8 31. Ra5 d6 32. Bc4 Rxc5 33. Rxc5
dxc5 34. h3 Kd6 35. Rd1+ Kc7 36. Ra1 Rd6 37. Rb1 Bc8 38. Ra1 Kb7 39. Rb1+ Ka7
40. Ra1 Bb7 41. Rb1 Kb8 42. Ra1 Kc7 43. Rb1 Rd8 44. Ra1 Ra8 45. Ra5 Kb6 46. Ra1
Bc6 47. Rd1 Bb5 48. Rd6+ Kc7 49. Rd1 Rd8 50. Ra1 Kb6 51. Rb1 Rd4 52. Bb3 a5 53.
Bc2 Rc4+ 54. Kd2 Rb4 55. Ra1 Rc4 56. Rb1 Rd4+ 57. Kc3 Rb4 58. Ra1 a4 59. Kd2 e5
60. Kc3 Rd4 61. Rb1 Ka5 62. Ra1 Bd7 63. Rb1 Rb4 64. Rd1 Be6 65. Rd8 Rc4+ 66.
Kb2 a3+ 67. Kc1 Rd4 68. Ra8+ Kb4 69. Ra4+ Kb5 70. Rxa3 Rd8 71. Ra7 h5 72. g4
hxg4 73. hxg4 Rh8 74. Kb2 Rh3 75. Ra3 Bc4 76. Bd1 Rh1 77. Kc2 Kb4 78. Re3 Ba2
79. Kd2 c4 80. Be2 Bb3 81. f4 Rh2 82. fxe5 fxe5 83. Rf3 c3+ 84. Kc1 Rxe2 0-1

[Event "African Individual Championship"]
[Site "?"]
[Date "2005.11.07"]
[Round "3"]
[White "Lungu, N (ZAM)."]
[Black "El Gindy, E (EGY)."]
[Result "1/2-1/2"]
[WhiteElo "2265"]
[BlackElo "2524"]
[PlyCount "185"]
[EventDate "2005.11.04"]
[SourceDate "2005.11.05"]

1. d4 d5 2. c4 c6 3. Nc3 Nf6 4. Nf3 e6 5. cxd5 exd5 6. Bg5 Be7 7. e3 Bf5 8. Qb3
Qb6 9. Qxb6 axb6 10. Nh4 Be6 11. Bd3 h6 12. Bxf6 Bxf6 13. Nf3 Nd7 14. h3 b5 15.
O-O O-O 16. a3 Rfd8 17. Rac1 Nb6 18. Rfd1 Nc4 19. Bxc4 bxc4 20. e4 Be7 21. exd5
cxd5 22. Re1 Kf8 23. Ne5 Bf5 24. Nf3 Ra6 25. Re5 Be6 26. Re3 Bf6 27. Kh2 Rb6
28. Rc2 Bf5 29. Rd2 h5 30. h4 g6 31. g3 Bg7 32. Ng5 Bd3 33. Rf3 Bf5 34. Re3 f6
35. Nh3 Bh6 36. Nf4 Bxf4 37. gxf4 Re6 38. Rde2 Kf7 39. Kg3 Bg4 40. Rxe6 Bxe6
41. Re3 Rd6 42. Na2 Bf5 43. Nb4 Be4 44. Na2 Rd8 45. Nc3 Bf5 46. Nb5 Be6 47. Re1
Bg4 48. Re3 b6 49. Re1 Bf5 50. Re3 Bc8 51. Nc3 Bb7 52. Re2 Bc6 53. Re3 Rg8 54.
f3 Rb8 55. Re2 Rd8 56. Re3 Rd6 57. Kf2 Bd7 58. Re2 Bf5 59. Re3 Bd3 60. Re1 Rd8
61. Re3 Bf5 62. Kg3 Be6 63. Nb5 Rd7 64. Re2 Rd8 65. Re3 Bc8 66. Kf2 Bb7 67. Kg3
Bc6 68. Nc3 Rg8 69. Re2 b5 70. Na2 Bd7 71. Nb4 Be6 72. Nc6 Rc8 73. Na7 Rb8 74.
Nc6 Rg8 75. Rh2 Rc8 76. Na7 Rb8 77. Nc6 Rg8 78. Re2 Rc8 79. Na7 Rb8 80. Nc6 Rb6
81. Nb4 Rd6 82. Re3 Ke7 83. Re2 Kf7 84. Re3 Bf5 85. Kf2 Bc8 86. Re2 Bf5 87. Re3
Kf8 88. Re2 Kf7 89. Re3 Kf8 90. Kg3 Kf7 91. Kf2 Kf8 92. Kg3 Kf7 93. Kf2 1/2-1/2

[Event "African Individual Championship"]
[Site "?"]
[Date "2005.11.07"]
[Round "3"]
[White "Masango, S (ZIM)."]
[Black "Mbambara, T (ZAM)."]
[Result "0-1"]
[WhiteElo "2140"]
[BlackElo "2090"]
[PlyCount "108"]
[EventDate "2005.11.04"]
[SourceDate "2005.11.05"]

1. d4 Nf6 2. c4 d6 3. Nc3 g6 4. Nf3 Bg7 5. e4 O-O 6. Be2 e5 7. O-O Nc6 8. d5
Ne7 9. Ne1 Ne8 10. Be3 f5 11. f3 f4 12. Bf2 g5 13. c5 Ng6 14. cxd6 cxd6 15. Rc1
Rf7 16. Nb5 a6 17. Na7 Bd7 18. Bc4 h5 19. Nc6 Qf6 20. Na5 g4 21. Rc3 Qg5 22.
fxg4 hxg4 23. Nxb7 Bf8 24. Nc5 dxc5 25. d6 Rb8 26. Nd3 Nxd6 27. Bxf7+ Nxf7 28.
Bxc5 Bg7 29. Rb3 Rc8 30. Nxf4 exf4 31. Qxd7 Qxc5+ 32. Kh1 Qc4 33. Re1 Nge5 34.
Qd2 f3 35. Rc3 Qe6 36. Qd5 Qe8 37. Rxc8 Qxc8 38. gxf3 Nxf3 39. Rf1 Qb8 40. Rf2
Qc8 41. Qd1 N7g5 42. Rc2 Qb8 43. Qd5+ Nf7 44. Qf5 Qd6 45. Qd5 Qf4 46. Qf5 Qxf5
47. exf5 Be5 48. Rc6 Nxh2 49. Rxa6 Nd6 50. Ra4 Kf7 51. b4 Nf3 52. b5 g3 53. Rg4
Nxf5 54. a4 Ne3 0-1